[Event "Accelerated Dragon Assault! #2"]
[Site "SchemingMind.com"]
[Date "2008.04.01"]
[Round "-"]
[White "dcon"]
[Black "TRFz"]
[Result "1-0"]
[WhiteCountry "RSA"]
[BlackCountry "GBR"]
[WhiteElo "2234"]
[WhiteRD "63"]
[BlackElo "2167"]
[BlackRD "55"]
[GameID "148488"]

1. e4 c5 2. Nf3 Nc6 3. d4 cxd4 4. Nxd4 g6 5. c4 Nf6 6. Nc3 d6 7. Be2 Nxd4 8. Qxd4 Bg7 9. Bg5 O-O 10. Qd2 Be6
11. O-O Qa5 12. Rad1 Rfc8 13. b3 a6 14. f4 h6 15. Bh4 Rab8 16. f5 Bd7 17. fxg6 fxg6 18. Bxf6 exf6 19. Nd5 Qxd2= 20. Rxd2 Rf8
21. Nf4 Bc6 22. Nxg6 Rfe8 23. Rxd6 Bxe4 24. Bh5 Red8 25. Re6 Bxg6 26. Bxg6 Rd2 27. a3 Rb2 28. b4 Rb3 29. c5 Rxa3 30. Rb6 f5
31. Bxf5
1-0

[Event "Accelerated Dragon Assault! #2"]
[Site "SchemingMind.com"]
[Date "2008.04.01"]
[Round "-"]
[White "TRFz"]
[Black "dcon"]
[Result "1/2-1/2"]
[WhiteCountry "GBR"]
[BlackCountry "RSA"]
[WhiteElo "2083"]
[WhiteRD "55"]
[BlackElo "2082"]
[BlackRD "63"]
[GameID "148489"]

1. e4 c5 2. Nf3 Nc6 3. d4 cxd4 4. Nxd4 g6 5. c4 Bg7 6. Be3 Nf6 7. Nc3 d6 8. Be2 O-O 9. O-O Nxd4 10. Bxd4 Bd7
11. f4 Bc6 12. Rc1 e5 13. fxe5 dxe5 14. Bxe5 Qxd1 15. Rfxd1 Nxe4 16. Bxg7 Kxg7 17. Nxe4 Bxe4 18. c5 f5 19. b4 Rfd8 20. Kf2 a5
21. b5 Kf6 22. Rxd8 Rxd8 23. c6 bxc6 24. bxc6 Rc8 25. c7 Bb7 26. g4=
1/2-1/2

[Event "Accelerated Dragon Assault! #2"]
[Site "SchemingMind.com"]
[Date "2008.04.07"]
[Round "-"]
[White "Schaakmaatje"]
[Black "TRFz"]
[Result "0-1"]
[WhiteCountry "NED"]
[BlackCountry "GBR"]
[WhiteElo "1768"]
[WhiteRD "47"]
[BlackElo "2167"]
[BlackRD "55"]
[GameID "149277"]

1. e4 c5 2. Nf3 Nc6 3. d4 cxd4 4. Nxd4 g6 5. c4 Nf6 6. Nc3 d6 7. f3 Nxd4 8. Qxd4 Bg7 9. Be3 O-O 10. Rd1 Ng4
11. Qd2 Nxe3 12. Qxe3 Qa5 13. Rc1 Be6 14. a3 Rfc8 15. Be2 Bxc4 16. O-O Bxe2 17. Qxe2 Bxc3
0-1

[Event "Accelerated Dragon Assault! #2"]
[Site "SchemingMind.com"]
[Date "2008.04.07"]
[Round "-"]
[White "Schaakmaatje"]
[Black "dcon"]
[Result "0-1"]
[WhiteCountry "NED"]
[BlackCountry "RSA"]
[WhiteElo "1743"]
[WhiteRD "46"]
[BlackElo "2146"]
[BlackRD "63"]
[GameID "149278"]

1. e4 c5 2. Nf3 Nc6 3. d4 cxd4 4. Nxd4 g6 5. c4 Bg7 6. Be3 Nh6 7. Be2 d6 8. O-O f5 9. Nc3 fxe4 10. Nxe4 Nf5
11. Nxf5 Bxf5 12. Ng3 Be6 13. Rb1 Qc7 14. b3 Rd8 15. Bg4 Bf7 16. Ne4 h6 17. f4 O-O 18. f5 Ne5 19. Bh3 d5 20. fxg6 Bxg6
21. Be6+ Kh8
0-1

[Event "Accelerated Dragon Assault! #2"]
[Site "SchemingMind.com"]
[Date "2008.04.08"]
[Round "-"]
[White "TRFz"]
[Black "Schaakmaatje"]
[Result "1-0"]
[WhiteCountry "GBR"]
[BlackCountry "NED"]
[WhiteElo "2167"]
[WhiteRD "55"]
[BlackElo "1768"]
[BlackRD "47"]
[GameID "149279"]

1. e4 c5 2. Nf3 Nc6 3. d4 cxd4 4. Nxd4 g6 5. c4 Bg7 6. Be3 Qa5+ 7. Nc3 d6 8. Be2 Nf6 9. O-O Bd7 10. a3 O-O
11. b4 Qd8 12. f4 e5 13. Ndb5 Ne8 14. f5 a6 15. Nxd6 Nxd6 16. Qxd6 Be8 17. Qxd8 Rxd8 18. f6 Bh8 19. Nd5
1-0

[Event "Accelerated Dragon Assault! #2"]
[Site "SchemingMind.com"]
[Date "2008.04.08"]
[Round "-"]
[White "dcon"]
[Black "Schaakmaatje"]
[Result "1-0"]
[WhiteCountry "RSA"]
[BlackCountry "NED"]
[WhiteElo "2146"]
[WhiteRD "63"]
[BlackElo "1743"]
[BlackRD "46"]
[GameID "149280"]

1. e4 c5 2. Nf3 Nc6 3. d4 cxd4 4. Nxd4 g6 5. c4 Nf6 6. Nc3 a6 7. Be2 Bg7 8. Be3 O-O 9. Rc1 d6 10. O-O e5
11. Nb3 Be6 12. Qd2 Ne8 13. Rfd1 Rc8 14. Nd5 Bxd5 15. cxd5 Ne7 16. Na5 b5 17. Nc6 Nxc6 18. dxc6 f5 19. a4 f4 20. Bc5 Rxc6
21. Qd5+
1-0

[Event "Accelerated Dragon Assault! #2"]
[Site "SchemingMind.com"]
[Date "2008.04.14"]
[Round "-"]
[White "Rhel"]
[Black "Schaakmaatje"]
[Result "1-0"]
[WhiteCountry "GBR"]
[BlackCountry "NED"]
[WhiteElo "2218"]
[WhiteRD "86"]
[BlackElo "1837"]
[BlackRD "46"]
[GameID "149800"]

1. e4 c5 2. Nf3 Nc6 3. d4 cxd4 4. Nxd4 g6 5. c4 Bg7 6. Be3 d6 7. Nc3 Nf6 8. Be2 O-O 9. Qd2 Bd7 10. O-O a6
11. h3 Rc8 12. Rac1 Nxd4 13. Bxd4 Bc6 14. f3 Qa5 15. Qe3 Qh5 16. f4 Qh4 17. Qd3 e5 18. fxe5 dxe5 19. Bf2 Qh6 20. Nd5 Nxd5
21. exd5 Bd7 22. Rfd1 Bf5 23. Qb3 Be4 24. Bf3 Bxf3 25. Qxf3 f5 26. Qb3 e4 27. d6 Rcd8 28. Be3 Qh4 29. Qxb7 Be5 30. Qd5+
1-0

[Event "Accelerated Dragon Assault! #2"]
[Site "SchemingMind.com"]
[Date "2008.04.10"]
[Round "-"]
[White "Rhel"]
[Black "TRFz"]
[Result "1/2-1/2"]
[WhiteCountry "GBR"]
[BlackCountry "GBR"]
[WhiteElo "2218"]
[WhiteRD "86"]
[BlackElo "2185"]
[BlackRD "58"]
[GameID "149801"]

1. e4 c5 2. Nf3 Nc6 3. d4 cxd4 4. Nxd4 g6 5. c4 Nf6 6. Nc3 d6 7. Be2 Nxd4 8. Qxd4 Bg7 9. Be3 O-O 10. Qd2 Be6
11. O-O Qa5 12. Rac1 Rfc8 13. b3 a6 14. Rfd1 Rab8 15. Bd4 b5 16. cxb5 axb5 17. Bf3 b4 18. Ne2 Rxc1 19. Rxc1 Rc8 20. Rxc8+ Bxc8
21. a4 Bb7=
1/2-1/2

[Event "Accelerated Dragon Assault! #2"]
[Site "SchemingMind.com"]
[Date "2008.04.10"]
[Round "-"]
[White "Rhel"]
[Black "dcon"]
[Result "1/2-1/2"]
[WhiteCountry "GBR"]
[BlackCountry "RSA"]
[WhiteElo "2202"]
[WhiteRD "92"]
[BlackElo "2237"]
[BlackRD "65"]
[GameID "149802"]

1. e4 c5 2. Nf3 Nc6 3. d4 cxd4 4. Nxd4 g6 5. c4 Bg7 6. Be3 Nf6 7. Nc3 d6 8. Be2 O-O 9. O-O Bd7 10. Qd2 Nxd4
11. Bxd4 Bc6 12. f3 a5 13. Rfe1 Nd7 14. Be3 Rc8 15. Rac1 Nc5 16. b3 Be5 17. Red1 Re8 18. Bd4 Bxd4+ 19. Qxd4 Qb6 20. Nd5 Bxd5
21. cxd5 Rc7 22. Rc2 Rec8 23. Rdc1 Qb4 24. Qxb4 axb4 25. Rc4 Na6 26. Rxc7 Rxc7 27. Rxc7 Nxc7 28. Kf2 Kf8 29. Ke3 f5 30. Kd4 fxe4
31. fxe4 Ke8 32. Kc4 Na6 33. Bg4 Kd8 34. h4 Kc7 35. Be6 h6 36. g4 g5=
1/2-1/2

[Event "Accelerated Dragon Assault! #2"]
[Site "SchemingMind.com"]
[Date "2008.04.14"]
[Round "-"]
[White "Schaakmaatje"]
[Black "Rhel"]
[Result "0-1"]
[WhiteCountry "NED"]
[BlackCountry "GBR"]
[WhiteElo "1837"]
[WhiteRD "46"]
[BlackElo "2218"]
[BlackRD "86"]
[GameID "149803"]

1. e4 c5 2. Nf3 Nc6 3. d4 cxd4 4. Nxd4 g6 5. c4 Nf6 6. Nc3 Bg7 7. Be3 d6 8. Be2 O-O 9. O-O Bd7 10. Qd2 Nxd4
11. Bxd4 Bc6 12. f3 Qa5 13. Rfd1 Rfc8 14. Nd5 Qxd2 15. Rxd2 Nxd5 16. cxd5 Bd7 17. Bxg7 Kxg7 18. Kf2 Rc7 19. Ke3 Rac8 20. Rad1 a6
21. Kd4 f6 22. f4 h5 23. h3 Kf7 24. g4 hxg4 25. hxg4 Rh8 26. Rd3 Rh4 27. f5 gxf5 28. gxf5 Bxf5 29. Bf3 Rc2 30. R1d2 Rxd2
31. Rxd2 Bxe4
0-1

[Event "Accelerated Dragon Assault! #2"]
[Site "SchemingMind.com"]
[Date "2008.04.11"]
[Round "-"]
[White "TRFz"]
[Black "Rhel"]
[Result "1/2-1/2"]
[WhiteCountry "GBR"]
[BlackCountry "GBR"]
[WhiteElo "2202"]
[WhiteRD "56"]
[BlackElo "2202"]
[BlackRD "92"]
[GameID "149804"]

1. e4 c5 2. Nf3 Nc6 3. d4 cxd4 4. Nxd4 g6 5. c4 Nf6 6. Nc3 d6 7. Be2 Nxd4 8. Qxd4 Bg7 9. O-O O-O 10. Qd3 Be6
11. Be3 Nd7 12. Qd2 Qa5 13. Rac1 Rac8 14. b3 Rfe8 15. f3 a6 16. Rc2 Nc5 17. Nd5 Qxd2 18. Rxd2 Nd7 19. b4=
1/2-1/2

[Event "Accelerated Dragon Assault! #2"]
[Site "SchemingMind.com"]
[Date "2008.04.11"]
[Round "-"]
[White "dcon"]
[Black "Rhel"]
[Result "1-0"]
[WhiteCountry "RSA"]
[BlackCountry "GBR"]
[WhiteElo "2288"]
[WhiteRD "58"]
[BlackElo "2230"]
[BlackRD "85"]
[GameID "149805"]

1. e4 c5 2. Nf3 Nc6 3. d4 cxd4 4. Nxd4 g6 5. c4 Nf6 6. Nc3 d6 7. Be2 Nxd4 8. Qxd4 Bg7 9. Bg5 O-O 10. Qd2 Be6
11. O-O Rc8 12. b3 Re8 13. Rad1 Qb6 14. Be3 Qa5 15. Bd4 Ng4 16. f4 Bxd4+ 17. Qxd4 Nh6 18. Rd2 Qc5 19. Qxc5 Rxc5 20. h3 f6
21. a3 Nf7 22. Rfd1 Kg7 23. Kf2 a6 24. Nd5 Rc6 25. b4 Bxd5 26. exd5 Rc7 27. Rd4 h5 28. Re4 Nh6 29. c5 Nf7 30. Re3 h4
31. Rc1 dxc5 32. bxc5 Rec8 33. Rec3 g5 34. f5 Rd8 35. Bf3 Ne5 36. Be4 Rdc8 37. Ke3 Kf7 38. Kd4 Rd8 39. a4 Ke8 40. Rb1 Rdc8
41. a5 Rd8 42. Bc2 Kf8 43. Ba4 Kf7 44. Ke4 Kf8 45. Rb6 Nf7 46. Rc2 Rdc8 47. Kd4 Rd8 48. c6 bxc6 49. Bxc6 Ra7 50. Rcb2 Ne5
51. Bb7 g4 52. Rxa6 Rxa6 53. Bxa6 Ra8 54. Rb6 gxh3 55. gxh3 Nf7 56. Kc5 Nd6 57. Rxd6 exd6+ 58. Kb6
1-0

[Event "Accelerated Dragon Assault! #2"]
[Site "SchemingMind.com"]
[Date "2008.04.12"]
[Round "-"]
[White "allostery"]
[Black "Rhel"]
[Result "0-1"]
[WhiteCountry "CAN"]
[BlackCountry "GBR"]
[WhiteElo "1695"]
[WhiteRD "97"]
[BlackElo "2218"]
[BlackRD "86"]
[GameID "150097"]

1. e4 c5 2. Nf3 Nc6 3. d4 cxd4 4. Nxd4 g6 5. Nc3 Bg7 6. Be3 Nf6 7. Bc4 O-O 8. Bb3 d6 9. f3 Bd7 10. Qd2 Nxd4
11. Bxd4 Bc6 12. O-O-O b6 13. g4 a5 14. g5 Nh5 15. Bxg7 Nxg7 16. h4 Rc8 17. f4 b5 18. Qd4 e6 19. Qxd6 Qxd6 20. Rxd6 a4
21. Bxa4 bxa4 22. Rhd1 Nh5 23. f5 exf5 24. exf5 gxf5 25. Ne2 Bf3 26. R1d2 Rfe8 27. Rh6 Rxe2 28. Rxe2 Bxe2 29. Kd2 Bg4
0-1

[Event "Accelerated Dragon Assault! #2"]
[Site "SchemingMind.com"]
[Date "2008.04.16"]
[Round "-"]
[White "allostery"]
[Black "Schaakmaatje"]
[Result "0-1"]
[WhiteCountry "CAN"]
[BlackCountry "NED"]
[WhiteElo "1709"]
[WhiteRD "108"]
[BlackElo "1768"]
[BlackRD "47"]
[GameID "150098"]

1. e4 c5 2. Nf3 Nc6 3. d4 cxd4 4. Nxd4 g6 5. Nc3 Bg7 6. Be3 d6 7. Be2 Nf6 8. O-O O-O 9. f4 Ne8 10. f5 Nxd4
11. Bxd4 Qa5 12. Bxg7 Kxg7 13. Qd4+ Nf6 14. Nd5 Qc5 15. Qxc5 dxc5 16. Rad1 Nxe4 17. Nxe7 Re8 18. Nd5 Bxf5 19. Nc7 Rac8 20. Nxe8+ Rxe8
21. Rd7 Bxd7
0-1

[Event "Accelerated Dragon Assault! #2"]
[Site "SchemingMind.com"]
[Date "2008.04.12"]
[Round "-"]
[White "allostery"]
[Black "TRFz"]
[Result "0-1"]
[WhiteCountry "CAN"]
[BlackCountry "GBR"]
[WhiteElo "1687"]
[WhiteRD "100"]
[BlackElo "2202"]
[BlackRD "56"]
[GameID "150099"]

1. e4 c5 2. Nf3 Nc6 3. d4 cxd4 4. Nxd4 g6 5. Nc3 Bg7 6. Be3 Nf6 7. Bc4 O-O 8. Bb3 d6 9. f3 Bd7 10. Qd2 Rc8
11. O-O-O Ne5 12. f4 Nc4 13. Qf2 Nxe3 14. Qxe3 Qb6 15. Nd5 Nxd5 16. exd5 a5 17. g3 a4 18. Qxe7 axb3 19. Nxb3 Rxc2+ 20. Kxc2 Rc8+
21. Kb1 Bf5+ 22. Ka1 Qxb3
0-1

[Event "Accelerated Dragon Assault! #2"]
[Site "SchemingMind.com"]
[Date "2008.04.11"]
[Round "-"]
[White "allostery"]
[Black "dcon"]
[Result "0-1"]
[WhiteCountry "CAN"]
[BlackCountry "RSA"]
[WhiteElo "1685"]
[WhiteRD "116"]
[BlackElo "2202"]
[BlackRD "62"]
[GameID "150100"]

1. e4 c5 2. Nf3 Nc6 3. d4 cxd4 4. Nxd4 g6 5. c4 Bg7 6. Be3 d6 7. Be2 Nf6 8. Nc3 O-O 9. O-O Bd7 10. Qd2 Nxd4
11. Bxd4 Bc6 12. f3 a5 13. b3 Nd7 14. Be3 Nc5 15. Rad1 Rc8 16. Qc2 Nd7 17. Nd5 b5 18. cxb5 Bxd5 19. Qd2 Be6 20. Rc1 Nc5
21. Bxc5 Rxc5 22. Rfd1 Qb6 23. Qe3 Bh6 24. Qd4 Bxc1
0-1

[Event "Accelerated Dragon Assault! #2"]
[Site "SchemingMind.com"]
[Date "2008.04.14"]
[Round "-"]
[White "Rhel"]
[Black "allostery"]
[Result "1-0"]
[WhiteCountry "GBR"]
[BlackCountry "CAN"]
[WhiteElo "2218"]
[WhiteRD "86"]
[BlackElo "1695"]
[BlackRD "97"]
[GameID "150101"]

1. e4 c5 2. Nf3 Nc6 3. d4 cxd4 4. Nxd4 g6 5. c4 Bg7 6. Be3 d6 7. Nc3 Nf6 8. Be2 O-O 9. O-O Bd7 10. Qd2 Nxd4
11. Bxd4 Bc6 12. f3 a5 13. b3 Nd7 14. Be3 Nc5 15. Rad1 b6 16. Nd5 e6 17. Nxb6 Qxb6 18. Qxd6 Rad8 19. Qxc5 Qxc5 20. Bxc5 Rfe8
21. Rxd8 Rxd8 22. Rd1 Rxd1+ 23. Bxd1 f5 24. exf5 gxf5 25. Bb6 h5 26. Bxa5
1-0

[Event "Accelerated Dragon Assault! #2"]
[Site "SchemingMind.com"]
[Date "2008.04.16"]
[Round "-"]
[White "Schaakmaatje"]
[Black "allostery"]
[Result "0-1"]
[WhiteCountry "NED"]
[BlackCountry "CAN"]
[WhiteElo "1768"]
[WhiteRD "47"]
[BlackElo "1709"]
[BlackRD "108"]
[GameID "150102"]

1. e4 c5 2. Nf3 Nc6 3. d4 cxd4 4. Nxd4 g6 5. Bc4 Bg7 6. Be3 Nf6 7. Nd2 O-O 8. O-O d5 9. exd5 Nxd5 10. Bxd5 Qxd5
11. N2b3 e5 12. Nxc6 Qxc6 13. Rc1 Be6 14. c4 Rfd8 15. Qe2 b6 16. Nd2 Bf5 17. Rfe1 Rac8 18. Rc3 e4 19. Rb3 Be6 20. Rc1 Rd3
21. Rxd3 exd3 22. Qxd3 Bxb2 23. Rc2 Bg7 24. c5 Bf5 25. Ne4 Bxe4
0-1

[Event "Accelerated Dragon Assault! #2"]
[Site "SchemingMind.com"]
[Date "2008.04.14"]
[Round "-"]
[White "TRFz"]
[Black "allostery"]
[Result "1-0"]
[WhiteCountry "GBR"]
[BlackCountry "CAN"]
[WhiteElo "2185"]
[WhiteRD "58"]
[BlackElo "1695"]
[BlackRD "97"]
[GameID "150103"]

1. e4 c5 2. Nf3 Nc6 3. d4 cxd4 4. Nxd4 g6 5. c4 Bg7 6. Be3 Nf6 7. Nc3 O-O 8. Be2 b6 9. O-O Bb7 10. f3 Re8
11. Qd2 d6 12. Rac1 Nxd4 13. Bxd4 Rc8 14. b3 e5 15. Be3 a6 16. Rfd1 Bf8 17. b4 Qe7 18. Bxb6 Nd7 19. Be3 Qe6 20. Nd5 Bc6
21. b5 axb5 22. cxb5 Bxd5 23. exd5 Qe7 24. Rxc8 Rxc8 25. a4 Nf6 26. b6 Qd7 27. a5 e4 28. a6 exf3 29. Bxf3
1-0

[Event "Accelerated Dragon Assault! #2"]
[Site "SchemingMind.com"]
[Date "2008.04.14"]
[Round "-"]
[White "dcon"]
[Black "allostery"]
[Result "1-0"]
[WhiteCountry "RSA"]
[BlackCountry "CAN"]
[WhiteElo "2237"]
[WhiteRD "65"]
[BlackElo "1687"]
[BlackRD "100"]
[GameID "150104"]

1. e4 c5 2. Nf3 Nc6 3. d4 cxd4 4. Nxd4 g6 5. c4 Bg7 6. Be3 Nf6 7. Nc3 O-O 8. Be2 d6 9. O-O Bd7 10. Qd2 Nxd4
11. Qxd4 Ng4 12. Qd2 Nxe3 13. Qxe3 e5 14. Rad1 Qc7 15. Rd2 b6 16. Rfd1 Be6 17. Nb5 Qc5 18. Qxc5 dxc5 19. Nc7 Rac8 20. Nxe6 fxe6
21. Rd7 Rf4 22. f3 Rff8 23. Rxa7 Ra8 24. Rdd7 Rxa7 25. Rxa7 Rd8 26. Kf2 h5 27. Rb7 Rd6 28. a3 g5 29. b4 Kh7 30. bxc5 bxc5
31. Rc7 Kg6 32. Rxc5 Ra6 33. Rc8 Rxa3 34. c5 Bh6 35. c6 g4 36. Re8 h4 37. c7 Be3+ 38. Ke1
1-0

[Event "Accelerated Dragon Assault! #2"]
[Site "SchemingMind.com"]
[Date "2008.05.02"]
[Round "-"]
[White "Brendan Joseph Birt"]
[Black "Rhel"]
[Result "1/2-1/2"]
[WhiteCountry "USA"]
[BlackCountry "GBR"]
[WhiteElo "1883"]
[WhiteRD "75"]
[BlackElo "2202"]
[BlackRD "92"]
[GameID "153066"]

1. e4 c5 2. Nf3 Nc6 3. d4 cxd4 4. Nxd4 g6 5. c4 Nf6 6. Nc3 Bg7 7. Be3 O-O 8. Be2 d6 9. O-O Bd7 10. Qd2 Nxd4
11. Bxd4 Bc6 12. f3 a5 13. Rab1 Nd7 14. Be3 Nc5 15. Bh6 Qb8 16. b3 Qa7 17. Kh1 Bxh6 18. Qxh6 Ne6 19. Nd5 Rfe8 20. f4 Nc5
21. f5 Nxe4 22. fxg6 fxg6 23. Bd3 Bxd5 24. cxd5 Nf2+ 25. Rxf2 Qxf2 26. Bxg6 hxg6=
1/2-1/2

[Event "Accelerated Dragon Assault! #2"]
[Site "SchemingMind.com"]
[Date "2008.05.05"]
[Round "-"]
[White "Brendan Joseph Birt"]
[Black "Schaakmaatje"]
[Result "1/2-1/2"]
[WhiteCountry "USA"]
[BlackCountry "NED"]
[WhiteElo "1847"]
[WhiteRD "78"]
[BlackElo "1768"]
[BlackRD "47"]
[GameID "153067"]

1. e4 c5 2. Nf3 Nc6 3. d4 cxd4 4. Nxd4 g6 5. c4 Bg7 6. Be3 d6 7. Nc3 Nf6 8. Be2 O-O 9. O-O e5 10. Nxc6 bxc6
11. Qd2 Ne8 12. f4 f5 13. fxe5 Bxe5 14. Bd4 Bxd4+ 15. Qxd4 Qf6 16. Rad1 Qxd4+ 17. Rxd4 Rb8 18. b3 c5 19. Rd2 fxe4 20. Nxe4 Rxf1+
21. Kxf1 Rb6 22. Bf3 Bf5 23. Nc3 Nf6 24. Na4 Ra6 25. Nc3 Kf7 26. Nd5 Nxd5 27. Bxd5+ Kf6 28. Kf2 Ra3 29. Bc6 Ke7 30. Rb2 Bd7
31. Bxd7 Kxd7 32. Ke3 a5 33. Ke4 Ke6 34. h3 a4 35. g3 axb3 36. axb3 Ra1 37. Re2 Rf1 38. Re3 h6 39. g4 g5 40. Kd3+=
1/2-1/2

[Event "Accelerated Dragon Assault! #2"]
[Site "SchemingMind.com"]
[Date "2008.05.02"]
[Round "-"]
[White "Brendan Joseph Birt"]
[Black "TRFz"]
[Result "0-1"]
[WhiteCountry "USA"]
[BlackCountry "GBR"]
[WhiteElo "1883"]
[WhiteRD "75"]
[BlackElo "2202"]
[BlackRD "56"]
[GameID "153068"]

1. e4 c5 2. Nf3 Nc6 3. d4 cxd4 4. Nxd4 g6 5. c4 Nf6 6. Nc3 d6 7. f3 Nxd4 8. Qxd4 Bg7 9. Bg5 O-O 10. Qd2 Be6
11. Rc1 Qa5 12. b3 Rfc8 13. Be2 a6 14. Na4 Qxd2+ 15. Kxd2 Nd7 16. Bxe7 b5 17. Nc3 bxc4 18. Bxc4 Bxc4 19. bxc4 Bh6+ 20. Ke2 Rxc4
21. Kd3 d5 22. Rb1 Ne5+
0-1

[Event "Accelerated Dragon Assault! #2"]
[Site "SchemingMind.com"]
[Date "2008.05.07"]
[Round "-"]
[White "Brendan Joseph Birt"]
[Black "dcon"]
[Result "0-1"]
[WhiteCountry "USA"]
[BlackCountry "RSA"]
[WhiteElo "1831"]
[WhiteRD "78"]
[BlackElo "2202"]
[BlackRD "62"]
[GameID "153069"]

1. e4 c5 2. Nf3 Nc6 3. d4 cxd4 4. Nxd4 g6 5. c4 Bg7 6. Be3 Nf6 7. Nc3 O-O 8. Be2 d6 9. O-O Bd7 10. Qd2 Nxd4
11. Bxd4 Bc6 12. f3 a5 13. Rab1 Nh5 14. Be3 Nf6 15. h4 Rc8 16. Bh6 Nh5 17. Bxg7 Kxg7 18. Rfd1 Qb6+ 19. Qd4+ Qxd4+ 20. Rxd4 Nf4
21. Kf1 f5 22. Re1 fxe4 23. Nxe4 Ne6 24. Red1 Nxd4 25. Rxd4 b5 26. cxb5 e5 27. Nxd6 exd4 28. Nxc8 Rxc8 29. bxc6 Rxc6 30. Bd3 Rc1+
31. Kf2 Ra1 32. Bc4 Rb1 33. b3 Rb2+ 34. Kf1 Rxa2 35. g4 Rc2 36. Ke1 Rxc4 37. bxc4 a4 38. Kd2 a3 39. Kc2 a2 40. Kb2 d3
0-1

[Event "Accelerated Dragon Assault! #2"]
[Site "SchemingMind.com"]
[Date "2008.05.02"]
[Round "-"]
[White "Brendan Joseph Birt"]
[Black "allostery"]
[Result "0-1"]
[WhiteCountry "USA"]
[BlackCountry "CAN"]
[WhiteElo "1873"]
[WhiteRD "75"]
[BlackElo "1695"]
[BlackRD "97"]
[GameID "153070"]

1. e4 c5 2. Nf3 Nc6 3. d4 cxd4 4. Nxd4 g6 5. c4 Bg7 6. Be3 Nf6 7. Nc3 O-O 8. Be2 d6 9. O-O Bd7 10. Qd2 Nxd4
11. Bxd4 Bc6 12. f3 a5 13. Rab1 a4 14. Be3 Re8 15. Nd5 Nxd5 16. cxd5 Bd7 17. Rfc1 e6 18. dxe6 Bxe6 19. b3 axb3 20. axb3 d5
21. exd5 Bxd5 22. Rd1 Qe7 23. Kf2 Rad8 24. Qc1 Qh4+ 25. Kg1 Be5 26. f4 Rc8 27. Qd2 Bc3 28. Qxd5 Rxe3 29. Qxb7 Rce8 30. Bf1 Be1
31. Bc4 Qf2+ 32. Kh1 Qxf4 33. Rd7 Rf8 34. Qd5 Qf2 35. Rxf7 Rxf7 36. Qd8+ Kg7 37. Bxf7 Qf1#
0-1

[Event "Accelerated Dragon Assault! #2"]
[Site "SchemingMind.com"]
[Date "2008.05.02"]
[Round "-"]
[White "Rhel"]
[Black "Brendan Joseph Birt"]
[Result "1-0"]
[WhiteCountry "GBR"]
[BlackCountry "USA"]
[WhiteElo "2230"]
[WhiteRD "85"]
[BlackElo "1866"]
[BlackRD "78"]
[GameID "153071"]

1. e4 c5 2. Nf3 Nc6 3. d4 cxd4 4. Nxd4 g6 5. c4 Nf6 6. Nc3 d6 7. Be2 Nxd4 8. Qxd4 Bg7 9. Be3 O-O 10. O-O Be6
11. Qd2 Qa5 12. Rac1 Rfc8 13. b3 a6 14. Nd5 Qxd2 15. Bxd2 Nxd5 16. exd5 Bd7 17. Bd3 b5 18. Rfe1 Kf8 19. Bg5 f6 20. Be3 bxc4
21. Bxc4 Bb5 22. Bxb5 axb5 23. Rxc8+ Rxc8 24. Rc1 Rxc1+ 25. Bxc1 f5 26. Kf1 Ke8 27. Ke2 Kd7 28. Kd3 e6 29. dxe6+ Kxe6 30. a4 bxa4
31. bxa4 d5 32. Be3 Kd7 33. a5 Kc7 34. a6 Bf6 35. Bd4 Bg5 36. Kc2 Be7 37. Kd3 Bg5 38. Be3 Bf6 39. f4 Bg7 40. Bd4 Bf8
41. Kc3 Be7 42. Be5+ Kb6 43. Kd4 Kc6 44. Kd3 Kb6 45. a7 Kxa7 46. Kd4 Kb7 47. Kxd5 Kc8 48. Ke6 Bc5 49. Kf7 Bg1 50. h3 Bh2
51. Kg7 g5 52. fxg5 Bxe5+ 53. Kxh7 Kd7 54. g6 Ke6 55. g7 Bxg7 56. Kxg7 f4 57. h4 Kf5 58. h5 Kg4 59. h6 Kg3 60. h7 Kxg2
61. h8=Q f3 62. Qa8 Kg3 63. Qe4 f2 64. Qh1 Kf4 65. Qf1 Kf3 66. Kf6 Kg3 67. Kg5 Kf3 68. Kh4
1-0

[Event "Accelerated Dragon Assault! #2"]
[Site "SchemingMind.com"]
[Date "2008.05.06"]
[Round "-"]
[White "Schaakmaatje"]
[Black "Brendan Joseph Birt"]
[Result "1/2-1/2"]
[WhiteCountry "NED"]
[BlackCountry "USA"]
[WhiteElo "1768"]
[WhiteRD "47"]
[BlackElo "1847"]
[BlackRD "78"]
[GameID "153072"]

1. e4 c5 2. Nf3 Nc6 3. d4 cxd4 4. Nxd4 g6 5. c4 Nf6 6. Be3 Bg7 7. Nc3 O-O 8. Be2 d6 9. O-O Nxd4 10. Bxd4 Bd7
11. Rc1 a6 12. f3 Rc8 13. Nd5 Nxd5 14. Bxg7 Kxg7 15. cxd5 Qb6+ 16. Kh1 Rxc1 17. Qxc1 Rc8 18. Qd2 Bb5 19. Bxb5 Qxb5 20. Rc1 Rc4
21. h3 Qc5 22. Rxc4 Qxc4 23. Qc3+ Qxc3 24. bxc3 g5 25. g3 e6 26. dxe6 fxe6 27. Kg1 h5 28. f4 Kf6 29. Kf2 gxf4 30. gxf4 d5
31. Ke3 dxe4 32. Kxe4 b5 33. h4 a5 34. a3 a4 35. Ke3 Kf5 36. Kf3 e5=
1/2-1/2

[Event "Accelerated Dragon Assault! #2"]
[Site "SchemingMind.com"]
[Date "2008.05.02"]
[Round "-"]
[White "TRFz"]
[Black "Brendan Joseph Birt"]
[Result "1-0"]
[WhiteCountry "GBR"]
[BlackCountry "USA"]
[WhiteElo "2185"]
[WhiteRD "58"]
[BlackElo "1873"]
[BlackRD "75"]
[GameID "153073"]

1. e4 c5 2. Nf3 Nc6 3. d4 cxd4 4. Nxd4 g6 5. c4 Nf6 6. Nc3 d6 7. Be2 Nxd4 8. Qxd4 Bg7 9. Qd3 O-O 10. O-O Be6
11. Bd2 Nd7 12. b3 Nc5 13. Qc2 a5 14. Rad1 Qc8 15. Nd5 Bxd5 16. exd5 b6 17. Be3 f5 18. Rfe1 f4 19. Bc1 Qd7 20. Bf3 Be5
21. Qe2 Nb7 22. Bg4 Qd8 23. Be6+ Kg7 24. Bb2 Bxb2 25. Qxb2+ Rf6 26. Rd3 Nc5 27. Rf3 g5 28. h4 h6 29. hxg5 hxg5 30. Rh3 Qc7
31. Rh5 Nd3 32. Qc2 Kg6 33. Qxd3+ Kxh5 34. Qh7+ Rh6 35. Bf7+ Kg4 36. Qxh6 f3 37. Qh3+ Kf4 38. Qxf3#
1-0

[Event "Accelerated Dragon Assault! #2"]
[Site "SchemingMind.com"]
[Date "2008.05.07"]
[Round "-"]
[White "dcon"]
[Black "Brendan Joseph Birt"]
[Result "1-0"]
[WhiteCountry "RSA"]
[BlackCountry "USA"]
[WhiteElo "2202"]
[WhiteRD "62"]
[BlackElo "1831"]
[BlackRD "78"]
[GameID "153074"]

1. e4 c5 2. Nf3 Nc6 3. d4 cxd4 4. Nxd4 g6 5. c4 Nf6 6. Nc3 d6 7. Be3 Ng4 8. Nxc6 Nxe3 9. Nxd8 Nxd1 10. Rxd1 Kxd8
11. c5 Be6 12. cxd6 exd6 13. e5 d5 14. Nxd5 Bxd5 15. Rxd5+ Kc7 16. f4 Bb4+ 17. Kf2 Rad8 18. Rd3 Bc5+ 19. Kf3 Bb6 20. Be2 Rxd3+
21. Bxd3 Rd8 22. Rc1+ Kb8 23. Bc4 Rd7 24. e6 fxe6 25. Bxe6 Rd8 26. g3 a6 27. Rc2 Rf8 28. a4 h5 29. Ke4 Rd8 30. Bf7 Rd4+
31. Ke5 Rxa4 32. Bxg6 h4 33. b3 Rb4 34. Bf7 hxg3 35. hxg3 a5 36. g4 Bc7+ 37. Rxc7 Kxc7 38. g5 Kd7 39. f5 Ke7 40. g6 Rb5+
41. Bd5 Rxd5+ 42. Kxd5 b5 43. Ke5 a4 44. f6+ Kf8 45. Ke6 a3 46. g7+ Kg8 47. Ke7 a2 48. f7+ Kxg7 49. f8=Q+ Kg6 50. Qf6+ Kh5
51. Qa1
1-0